00651nam a2200181 a 450000100100000000500170001000800410002704000250006810000250009324500750011826000630019330000270025650400270028370000280031004900090033895201050034799900170045200003609720200930074855.0111209s1978 dr 000 0 spa d aDO-SdBNPbspacBNPHU1 aBudman, Isaac96213510aMonedas de la República Dominicana /cIsaac Budman, Miguel Estrella. aSanto Domingo :bSociedad Numismática Dominicana,c1978. a61 p. :bil. ;c20 cm. aBibliografía : p. 6112aEstrella, Miguel955840 aBNPD 0010718PDaPDbPDcHDd2011-12-09iLF1l0o p36097-10r2020-06-25w2020-06-25yLFPDZNo se presta c35588d35588